000 05366cam a22006974i 4500
003 PE-LiUPU
005 20250731184109.0
008 150625s2004 pe a rb 000 0 spa d
020 _a9972939014
035 _a(Sirsi) a35901
040 _aPE-LiUPU
_bspa
_cPE-LiUPU
_erda
082 0 4 _a869.1
_bF38
_221
082 0 4 _a869.156
_bF38 2004
100 1 _aFernández Cozman, Camilo,
_eautor.
245 1 3 _aEl cántaro y la ola :
_buna aproximación a la poética de Octavio Paz, 1914-1998 /
_cCamilo Fernández Cozman.
264 1 _aLima :
_bAsamblea Nacional de Rectores,
_c2004.
300 _a128 páginas ;
_c24 cm
336 _atext
_2rdacontent
337 _aunmediated
_2rdamedia
338 _avolume
_2rdacarrier
504 _aBibliografía: páginas 115-128.
505 0 _aAntecedentes de la visión de Octavio Paz en la tradición literaria francesa -- Octavio Paz y la modernidad como edad crítica -- La poética de Octavio Paz -- La poesía antropológica de Octavio Paz -- Piedra de sol como poema antropológico.
526 _aP145
526 _aP127
526 _aP97
526 _aP14
526 _aP07
600 1 _aPaz, Octavio,
_d1914-1998
_xEstudio
910 _bjv
_cng
_d20050315
910 _tqv
_d20171023
942 _2ddc
_cBOOK
949 _a869.1 F38
_wDEWEY
_c1
_i57007
_lCCODEBUL1
_mBUL
_p10
_r0
_sY
_tBOOK
_u2015-06-25
_xBIBLIOTECA
_zUNKNOWN
_0COMPRA
_o.STAFF. Colección General
949 _a869.1 F38
_wDEWEY
_c2
_i53819
_lCCODEBUL1
_mBUL
_p10
_r0
_sY
_tBOOK
_u2015-06-25
_xBIBLIOTECA
_zUNKNOWN
_0COMPRA
_o.STAFF. Colección General
949 _a869.1 F38
_wDEWEY
_c3
_i56888
_lCCODEBUL1
_mBUL
_p10
_r0
_sY
_tBOOK
_u2015-06-25
_xBIBLIOTECA
_zUNKNOWN
_0COMPRA
_o.STAFF. Colección General
949 _a869.1 F38 2004
_wDEWEY
_c1
_iFJ09050
_lCCODEBUJ1
_mBUJ
_p6.00
_r0
_sY
_tBOOK
_u2017-10-23
_xEDUCACIÓN
_PP14
_0COMPRA
_o.STAFF. Colección General Juliaca
949 _a869.1 F38 2004
_wDEWEY
_c2
_iFJ09051
_lCCODEBUJ1
_mBUJ
_p6.00
_r0
_sY
_tBOOK
_u2017-10-23
_xEDUCACIÓN
_PP14
_0COMPRA
_o.STAFF. Colección General Juliaca
949 _a869.1 F38 2004
_wDEWEY
_c3
_iFJ09052
_lCCODEBUJ1
_mBUJ
_p6.00
_r0
_sY
_tBOOK
_u2017-10-23
_xEDUCACIÓN
_PP14
_0COMPRA
_o.STAFF. Colección General Juliaca
949 _a869.1 F38 2004
_wDEWEY
_c4
_iFJ09053
_lCCODEBUJ1
_mBUJ
_p6.00
_r0
_sY
_tBOOK
_u2017-10-23
_xEDUCACIÓN
_PP14
_0COMPRA
_o.STAFF. Colección General Juliaca
949 _a869.1 F38 2004
_wDEWEY
_c5
_iFJ09054
_lCCODEBUJ1
_mBUJ
_p6.00
_r0
_sY
_tBOOK
_u2017-10-23
_xEDUCACIÓN
_PP14
_0COMPRA
_o.STAFF. Colección General Juliaca
949 _a869.1 F38 2004
_wDEWEY
_c6
_iFJ09055
_lCCODEBUJ1
_mBUJ
_p6.00
_r0
_sY
_tBOOK
_u2017-10-23
_xEDUCACIÓN
_PP14
_0COMPRA
_o.STAFF. Colección General Juliaca
949 _a869.1 F38 2004
_wDEWEY
_c7
_iFJ09056
_lCCODEBUJ1
_mBUJ
_p6.00
_r0
_sY
_tBOOK
_u2017-10-23
_xEDUCACIÓN
_PP14
_0COMPRA
_o.STAFF. Colección General Juliaca
596 _a1 2 3
999 _a869.1 F38
_wDEWEY
_c43916
_i57007
_f2021-11-9
_g5
_lCCODEBUL1
_mBUL
_r0
_sY
_tBOOK
_u2015-6-25
_xEDUCACION
_zUNKNOWN
_0COMPRA
_o.STAFF. Colección General
_d43916
999 _a869.1 F38
_wDEWEY
_c2
_i53819
_f2021-11-9
_g5
_lCCODEBUL1
_mBUL
_r0
_sY
_tBOOK
_u2015-6-25
_xEDUCACION
_zUNKNOWN
_0COMPRA
_o.STAFF. Colección General
999 _a869.1 F38
_wDEWEY
_c3
_i56888
_f2021-11-9
_g5
_lCCODEBUL1
_mBUL
_r0
_sY
_tBOOK
_u2015-6-25
_xEDUCACION
_zUNKNOWN
_0COMPRA
_o.STAFF. Colección General
999 _a869.1 F38 2004
_wDEWEY
_c1
_iFT00562
_f2019-2-20
_g1
_lCCODEBUT1
_mBUT
_p5.00
_r0
_sY
_tBOOK
_u2016-2-18
_xBIBLIOTECA
_zUNKNOWN
_0DONACION
_o.STAFF. Colección General
999 _a869.1 F38 2004
_wDEWEY
_c2
_iFT00563
_f2019-2-20
_g1
_lCCODEBUT1
_mBUT
_p5.00
_r0
_sY
_tBOOK
_u2016-2-18
_xBIBLIOTECA
_zUNKNOWN
_0DONACION
_o.STAFF. Colección General
999 _a869.156 F38 2004
_wDEWEY
_c1
_iFJ09050
_f2022-2-2
_g2
_lCCODEBUJ1
_mBUJ
_p6.00
_r0
_sY
_tBOOK
_u2017-10-23
_xEDUCACION
_PP14
_0COMPRA
_o.STAFF. Colección General Juliaca
999 _a869.156 F38 2004
_wDEWEY
_c2
_iFJ09051
_f2022-2-2
_g2
_lCCODEBUJ1
_mBUJ
_p6.00
_r0
_sY
_tBOOK
_u2017-10-23
_xEDUCACION
_PP14
_0COMPRA
_o.STAFF. Colección General Juliaca
999 _a869.156 F38 2004
_wDEWEY
_c3
_iFJ09052
_f2022-2-2
_g2
_lCCODEBUJ1
_mBUJ
_p6.00
_r0
_sY
_tBOOK
_u2017-10-23
_xEDUCACION
_PP14
_0COMPRA
_o.STAFF. Colección General Juliaca
999 _a869.156 F38 2004
_wDEWEY
_c4
_iFJ09053
_d2019-9-30
_e2019-9-19
_f2022-2-2
_g2
_lCCODEBUJ1
_mBUJ
_n1
_p6.00
_q1
_r0
_sY
_tBOOK
_u2017-10-23
_0COMPRA
_o.STAFF. Colección General Juliaca
999 _a869.156 F38 2004
_wDEWEY
_c5
_iFJ09054
_f2022-2-2
_g2
_lCCODEBUJ1
_mBUJ
_p6.00
_r0
_sY
_tBOOK
_u2017-10-23
_0COMPRA
_o.STAFF. Colección General Juliaca
999 _a869.156 F38 2004
_wDEWEY
_c6
_iFJ09055
_f2022-2-2
_g3
_lCCODEBUJ1
_mBUJ
_p6.00
_r0
_sY
_tBOOK
_u2017-10-23
_xEDUCACION
_PP14
_0COMPRA
_o.STAFF. Colección General Juliaca
999 _a869.156 F38 2004
_wDEWEY
_c7
_iFJ09056
_d2018-5-9
_e2018-5-9
_f2022-2-2
_g2
_lCCODEBUJ1
_mBUJ
_n1
_p6.00
_q1
_r0
_sY
_tBOOK
_u2017-10-23
_xEDUCACION
_PP14
_0COMPRA
_o.STAFF. Colección General Juliaca
980 _81
_gALBERTO SANCHEZ Responsable de Automatización